000 01001nam a22002297a 4500
999 _c588
_d588
003 AR-CdUCM
008 190225b ||||| |||| 00| 0 spa d
040 _aMUNICIPALIDAD PROVINCIAL DEL CUSCO
_cBIBLIOTECA MUNICIPAL DEL CUSCO
082 _a985.009 /
_bT17
100 _aTamayo Herrera, José Armando
_92300
245 _aBreve historia de un historiador :
_bun ensayo de ego-historia /
260 _aLima :
_bCentro de Estudios País y Región,
_c1989.
300 _a214 páginas ;
_c21 cm.
505 _aInfancia en Urubamba -- Fenomenología de mi propia estructura social -- La vida de colegio en el Cuso (1943-1954) y las primeras inquietudes literarias -- La primera aventura universitaria, la bohemia de mi tiempo (1955-1956) -- En el liderazgo estudiantil...
650 _aAutobiografía
_92301
650 _aCultura
_9126
650 _aCusco
_9772
650 _aCiencias Sociales
_91096
650 _aBiblioteca Nacional del Perú
_92302
942 _2ddc
_cLIBROS
945 _admma
_d2019-02-25